00477 a2200133 450000100060000010000180000624500590002426000330008309000170011694200230013399900190015695200840017595200840025953261 aStephens, H S aWind energy systesms papers of international sympisume acranfieldbBhra Publishingc c33546d33546 aNUST-CAEcMc26165 c288334d288334 001040708NFICaCAEbCAEd2017-04-03l0pCAE29892r2017-04-05w2017-04-05yBK 001040708NFICaCAEbCAEd2017-04-03l0pCAE29893r2017-04-05w2017-04-05yBK